| 000 | 00574nam a2200181 a 4500 | ||
|---|---|---|---|
| 001 | 000026364 | ||
| 005 | 20200930024530.0 | ||
| 008 | 110315s2010 dr ac 000 0 spa d | ||
| 020 | _a9789993478478 | ||
| 040 |
_aDO-SdBNP _bspa _cBNPHU |
||
| 082 |
_axxx _bA162d |
||
| 100 | 1 |
_aAbreu, Fabio _9649 |
|
| 245 | 1 | 0 |
_aDiscurso en acción : _bcómo redactar artículos de opinión / _cFabio Abreu. |
| 260 |
_aSanto Domingo : _bImpresora Soto Castillo, _c2010. |
||
| 300 |
_a144 p. : _bil., retrs. ; _c24 cm. |
||
| 590 | _aInventariado, 2019/VM | ||
| 504 | _aBibliografía : p. 143-144 | ||
| 999 |
_c25856 _d25856 |
||